| 000 | 01064nam0a22002411 4500 | ||
|---|---|---|---|
| 001 | rc\4204629 | ||
| 005 | 20260407111212.0 | ||
| 021 |
_aRU _b[48-4120] |
||
| 035 | _a(NLR Aleph) 008009273 | ||
| 090 |
_a8689881 _c8689881 |
||
| 100 | _a20130415d1948 |||y0rusy50 ca | ||
| 101 | 0 | _arus | |
| 102 | _aRU | ||
| 105 | _ay z ||||| | ||
| 200 | 1 |
_aОб укреплении финансово-хозяйственной и платежно-расчетной дисциплины и экономии государственных средств в 1948 году. (№ 11-37 от 8-го января 1948 г.) _fМ-во угольной пром-сти вост. районов СССР |
|
| 210 |
_aМосква _c2-я тип. Углетехиздата _d1948 |
||
| 215 |
_a16 с. _d21 |
||
| 710 | 0 | 1 |
_aСССР _bМинистерство угольной промышленности восточных районов _3RU\NLR\AUTH\889939130 _9373140 |
| 801 | 0 |
_aRU _bNLR _gpsbo |
|
| 801 | 1 |
_aRU _bELAR _2rusmarc |
|
| 852 |
_aNLR _jЭк40 Г-4/516 |
||
| 942 | _cBOOK | ||
| 980 | _aNB | ||